| 000 | 01170nam a2200229Ia 4500 | ||
|---|---|---|---|
| 003 | Ost | ||
| 005 | 20260507075258.0 | ||
| 008 | 260507s9999||||xx |||||||||||||| ||und|| | ||
| 040 | _cfsecg | ||
| 041 | _aara | ||
| 082 | _a330 | ||
| 100 |
_aالحناوي، محمد _eمؤلف |
||
| 245 | 0 |
_aالإستثمار في الأوراق المالية وإدارة المخاطر / _c محمد الحناوي |
|
| 260 |
_aالاسكندرية: _bالمكتب الجامعي الحديث, _c2007 |
||
| 300 |
_a320 صفحة؛ _bإيضاحات ؛ _c25 سم |
||
| 520 | _aمقدمة في أساسيات الاستثمار ، شراء و بيع الاوراق المالية مع كفاءة السوق و تحليل الاسهم و تحليل السندات ، نموذج تسعير الاصول الرأسمالية و نظرية تسعير المراجعة ، عقود الاختيار ، أسواق العقود المستقبلية و أسواق عقود المبادلات . | ||
| 653 | _aالاستثمار | ||
| 653 | _aالأسهم | ||
| 653 | _aالأسواق المالية | ||
| 700 |
_aفريد مصطفى، نهال _eمؤلف ثانوي |
||
| 942 | _cكتاب | ||
| 999 |
_c43771 _d43771 |
||